Sinh động vật

محفوظ في:
التفاصيل البيبلوغرافية
التنسيق: كتاب
اللغة:Undetermined
منشور في: Cần Thơ Viện Đại học Cần Thơ
الموضوعات:
الوسوم: إضافة وسم
لا توجد وسوم, كن أول من يضع وسما على هذه التسجيلة!
Thư viện lưu trữ: Trung tâm Học liệu Trường Đại học Cần Thơ
LEADER 00369nam a2200133Ia 4500
001 CTU_8943
008 210402s9999 xx 000 0 und d
082 |a 591 
082 |b S312 
245 0 |a Sinh động vật 
260 |a Cần Thơ 
260 |b Viện Đại học Cần Thơ 
650 |a zoology 
980 |a Trung tâm Học liệu Trường Đại học Cần Thơ